|
|
|
|
| LEADER |
00000nam a2200000 a 4500 |
| 001 |
vtls001155042 |
| 003 |
SK-MaSNL |
| 005 |
20260331202855.0 |
| 008 |
210928s1988 NL 0 eng |
| 035 |
|
|
|a SNK000097937
|
| 040 |
|
|
|a SNK
|b slo
|c SNK
|e AACR2
|
| 041 |
0 |
|
|a eng
|
| 044 |
|
|
|a NL
|
| 080 |
|
|
|a 597.7:630 4(084.12)
|2 1981
|
| 100 |
1 |
|
|a Starý, Bohumil,
|d 1908-1988
|4 prk
|9 134059
|
| 245 |
0 |
|
|a Atlas of Insects Beneficial to Forest Trees
|c Transl. Bohumil Starý
|
| 260 |
|
|
|a Amsterdam
|b Elsevier
|c 1988
|
| 300 |
|
|
|a 100 s.
|c 4°
|
| 958 |
|
|
|a RK
|
| 958 |
|
|
|a OND
|
| 968 |
|
|
|d et al. Transl. of /czech/
|
| 999 |
|
|
|c 709093
|d 711023
|
| 952 |
|
|
|t P60, <04>, [BOOK], {604}
|a SNK
|b SNK
|y VYP
|7 0
|p 17A0241953
|o snkIB 61757/2
|0 0
|1 0
|4 0
|d 2000-05-31
|l 0
|r 2005-01-01 00:00:00
|w 2026-02-23
|